Представление документа в формате RUSMARC

ПолеНазваниеЗначение
  Тип записи a
  Библиографический уровень a
001 Контрольный номер RU/CBS_UL/BASE/daeccb79245145398160e8909db630b8
005 Дата корректировки 20250124011039.9
100 Данные общей обработки __
a Данные общей обработки 20240117 ||| 0rusy0189 ca
101 Язык документа 0_
a Язык текста rus
102 Страна публикации __
a Страна публикации RU
200 Заглавие и сведения об ответственности 1_
a Заглавие "Правда и правда во всём..."
e Сведения, относящиеся к заглавию [об образовании Ульяновской области и первом секретаре Ульяновского обкома партии Терентьеве Иване Николаевиче]
f Первые сведения об ответственности И. Антонова
300 Общие примечания __
a Общие примечания 16+
461 Уровень набора _0
1 2000
a Народная газета
463 Уровень физической единицы _0
1 2000
a № 3 (17 янв.)
v С. 9 : фото
1 2101
d 2024
1 001RU/CBS_UL/BASE/69ad196067be438cacf6c77b7e3e0240
600 Персоналии _1
a Персоналии (Фамилия) Терентьев
b Персоналии (Имя, инициалы) И. Н.
606 Тематические рубрики 0_
a Основная рубрика Терентьев, Иван Николаевич (1908-?)
606 Тематические рубрики 0_
a Основная рубрика Ульяновская область - История
610 Ключевые слова 0_
a Ключевые слова история областей
610 Ключевые слова 0_
a Ключевые слова история Ульяновской области
610 Ключевые слова 0_
a Ключевые слова образование Ульяновской области
610 Ключевые слова 0_
a Ключевые слова политические деятели
610 Ключевые слова 0_
a Ключевые слова первые секретари Ульяновского обкома
686 Индексы других классификаций __
2 Код системы rubbk
a Классификационный индекс 63.3(2)622
a Классификационный индекс 66.3(2Рос)8
700 Автор _1
a Фамилия Антонова
b Имя (инициалы) И.
801 Источник записи _0
a Страна RU
b Организация МБУК ЦБС г. Ульяновска
c Дата составления 20240117
g Правила каталогизации RCR
801 Источник записи _1
a Страна RU
b Организация МБУК ЦБС г. Ульяновска
c Дата составления 20240117
g Правила каталогизации RCR
901 Тип документа __
t Тип документа f
w Контрольный № источника RU/CBS_UL/BASE/69ad196067be438cacf6c77b7e3e0240